Currencies - Statistics

General Stats
  • This quiz has been taken 35 times
  • The average score is 150 of 201
Answer Stats
Country Currency % Correct
Andorra | Austria | Belgium | +22 others Euro
100%
Bosnia & Herzegovina Mark
100%
Argentina | Chile | Colombia | +6 others Peso
100%
Japan Yen
100%
Antigua & Barbuda | Australia | Bahamas | +32 others Dollar
96%
Benin | Burkina Faso | Burundi | +20 others Franc
96%
Egypt | Lebanon | Palestine | +4 others Pound
96%
Denmark | Greenland | Norway Krone
88%
China Renminbi
88%
Belarus | Russia Ruble
88%
Turkey Lira
84%
Iran | Oman | Yemen Rial
84%
India | Mauritius | Nepal | +3 others Rupee
80%
Algeria | Bahrain | Iraq | +5 others Dinar
76%
Iceland | Sweden Krona
76%
North Korea | South Korea Won
76%
Morocco | United Arab Emirates Dirham
72%
Brazil Real
72%
Cambodia Riel
68%
Indonesia Rupiah
68%
Western Sahara Sahrawi
68%
Israel Shekel
68%
Thailand Baht
64%
Venezuela Bolivar
64%
South Africa Rand
64%
Kenya | Somalia | Somaliland | +2 others Shilling
64%
Poland Zloty
60%
Czech Republic Koruna
56%
Moldova Leu
56%
Bulgaria Lev
56%
Peru Sol
56%
Hungary Forint
52%
Albania Lek
52%
Qatar | Saudi Arabia Riyal
52%
Vietnam Dong
48%
Ukraine Hryvnia
48%
Bolivia Boliviano
44%
Guatemala Quetzal
44%
Malaysia Ringgit
44%
Afghanistan Afghani
40%
Cape Verde Escudo
40%
Kyrgyzstan | Uzbekistan Som
40%
Bangladesh Taka
40%
Macedonia Denar
36%
Croatia Kuna
36%
Angola Kwanza
36%
Nigeria Naira
36%
Armenia Dram
32%
Haiti Gourde
32%
Paraguay Guarani
32%
Laos Kip
32%
Georgia Lari
32%
Azerbaijan | Turkmenistan Manat
32%
Bhutan Ngultrum
32%
Ethiopia Birr
28%
Ghana Cedi
28%
Nicaragua Córdoba
28%
Myanmar (Burma) Kyat
28%
Maldives Rufiyaa
28%
Kazakhstan Tenge
28%
Costa Rica Colon
24%
Sierra Leone Leone
24%
Eritrea Nakfa
24%
Tajikistan Somoni
24%
Samoa Tala
24%
Mongolia Tughrik
24%
Madagascar Ariary
20%
Papua New Guinea Kina
20%
Malawi | Zambia Kwacha
20%
Honduras Lempira
20%
Mozambique Metical
20%
Mauritania Ouguiya
20%
Gambia Dalasi
16%
São Tomé & Príncipe Dobra
16%
Lesotho Loti
16%
Tonga Pa'anga
16%
Vanuatu Vatu
16%
eSwatini Lilangeni
12%
Macau Pataca
12%
No matching quizzes found
Score Distribution
Percent of People with Each Score
Percentile by Number Answered
Your Score History
You have not taken this quiz